| 000 | 00348nam a2200145Ia 4500 | ||
|---|---|---|---|
| 005 | 20251222144630.0 | ||
| 008 | 251222s9999||||xx |||||||||||||| ||spa|| | ||
| 020 | _a842398964X | ||
| 082 | _a618.92/A66 | ||
| 100 | _aArana, José Ignacio de | ||
| 245 | 0 | _aLa Salud de tu Hijo: | |
| 250 | _a1ra. ed. | ||
| 264 | _bEspasa Calpe, S.A. | ||
| 942 | _cLIB | ||
| 999 |
_c16259 _d16259 |
||